<?xml version="1.0" encoding="UTF-8"?>
<record
    xmlns:xsi="http://www.w3.org/2001/XMLSchema-instance"
    xsi:schemaLocation="http://www.loc.gov/MARC21/slim http://www.loc.gov/standards/marcxml/schema/MARC21slim.xsd"
    xmlns="http://www.loc.gov/MARC21/slim">

  <leader>02768nam a22002297a 4500</leader>
  <controlfield tag="005">20250429125425.0</controlfield>
  <controlfield tag="008">240405b           ||||| |||| 00| 0 eng d</controlfield>
  <datafield tag="020" ind1=" " ind2=" ">
    <subfield code="a">9788195407125</subfield>
  </datafield>
  <datafield tag="040" ind1=" " ind2=" ">
    <subfield code="c">AIMIT LIBRARY</subfield>
  </datafield>
  <datafield tag="082" ind1=" " ind2=" ">
    <subfield code="2">1</subfield>
    <subfield code="a">658.4063</subfield>
    <subfield code="b">KHAS</subfield>
  </datafield>
  <datafield tag="100" ind1=" " ind2=" ">
    <subfield code="a">Khanka, S S.</subfield>
    <subfield code="9">158815</subfield>
  </datafield>
  <datafield tag="245" ind1=" " ind2=" ">
    <subfield code="a">Creativity and innovation in entrepreneurship /</subfield>
    <subfield code="c">By S S Khanka.</subfield>
  </datafield>
  <datafield tag="250" ind1=" " ind2=" ">
    <subfield code="a">1st ed.</subfield>
  </datafield>
  <datafield tag="260" ind1=" " ind2=" ">
    <subfield code="a">New Delhi :</subfield>
    <subfield code="b">Sultan Chand &amp; Sons ;</subfield>
    <subfield code="c">2021.</subfield>
  </datafield>
  <datafield tag="300" ind1=" " ind2=" ">
    <subfield code="a">xx,317p. ;</subfield>
    <subfield code="b">PB</subfield>
    <subfield code="c">24 cm.</subfield>
  </datafield>
  <datafield tag="500" ind1=" " ind2=" ">
    <subfield code="a">Creativity and innovation as hallmarks of entrepreneurship have been recognized as the modern day mantra for success in business and industry. It is with this realization, the Government of India, by announcing a number of policies and schemes, has been giving ever increasing emphasis on developing creativity and innovation in entrepreneurship in the country. So much so,  increasing number of educational institutions in the country have started offering the paper on creativity and innovation in entrepreneurship in their course curricula. Because Creativity and Innovation in Entrepreneurship, as a subject, is relatively of recent origin in India, there has so far not been any comprehensive textbook available on the subject in the Indian context. The present book is a modest attempt to fill in this gap.

The book is characterized by the following salient features:
Serves as a pioneering textbook on creativity and innovation in entrepreneurship written in the Indian context.
Covers the subject matter on creativity and innovation in entrepreneurship in an all-encompassing manner. 
Each chapter begins with the specific learning objectives as takeaways.
Each chapter and its subsequent topics begins with theme-based quotations to serve as inroad to proceed further.
Elaborates the complex and difficult topics in an easily understandable manner with relevant cases in an anecdotal style.</subfield>
  </datafield>
  <datafield tag="505" ind1=" " ind2=" ">
    <subfield code="a">
Contents : 

Section I: Entrepreneurship
Entrepreneur
Entrepreneurship
Entrepreneurship Development Programmes (EDPs)
Section II: Creativity
Introduction to Creativity
Creative Tools and Techniques
Entrepreneurial Creativity
Section III: Innovation
Introduction to Innovation
Moving Innovation to Market
Management of Technology
Asset Protection
Technology Maturity, Obsolescence and Discontinuities
Section IV: Incubators and Accelerators
The Business Incubators and Accelerators
The Business Incubator Players
Start-ups and Innovations
Design Thinking and Innovation
Artificial Intelligence (AI) and Innovation</subfield>
    <subfield code="r">Khanka SS (Dr)</subfield>
  </datafield>
  <datafield tag="650" ind1=" " ind2=" ">
    <subfield code="a">Creative tools and techniques</subfield>
    <subfield code="9">158816</subfield>
  </datafield>
  <datafield tag="650" ind1=" " ind2=" ">
    <subfield code="a">Design thinking and innovation</subfield>
    <subfield code="9">158817</subfield>
  </datafield>
  <datafield tag="650" ind1=" " ind2=" ">
    <subfield code="a">Incubators and accelerators</subfield>
    <subfield code="9">158818</subfield>
  </datafield>
  <datafield tag="942" ind1=" " ind2=" ">
    <subfield code="2">ddc</subfield>
    <subfield code="c">BK</subfield>
    <subfield code="e">1st</subfield>
    <subfield code="k">658.4063 KHAS</subfield>
  </datafield>
  <datafield tag="999" ind1=" " ind2=" ">
    <subfield code="c">230669</subfield>
    <subfield code="d">230669</subfield>
  </datafield>
  <datafield tag="952" ind1=" " ind2=" ">
    <subfield code="0">0</subfield>
    <subfield code="1">0</subfield>
    <subfield code="2">ddc</subfield>
    <subfield code="4">0</subfield>
    <subfield code="7">0</subfield>
    <subfield code="8">MBA</subfield>
    <subfield code="a">AIMIT</subfield>
    <subfield code="b">AIMIT</subfield>
    <subfield code="c">EN</subfield>
    <subfield code="d">2024-03-09</subfield>
    <subfield code="e">Biblios Book Point</subfield>
    <subfield code="g">250.00</subfield>
    <subfield code="i">Bill no:8339; Bill dt:2024-03-04</subfield>
    <subfield code="l">0</subfield>
    <subfield code="o">658.4063 KHAS</subfield>
    <subfield code="p">MBA14667</subfield>
    <subfield code="r">2026-05-23 00:00:00</subfield>
    <subfield code="v">225.00</subfield>
    <subfield code="w">2024-04-05</subfield>
    <subfield code="y">BK</subfield>
  </datafield>
  <datafield tag="952" ind1=" " ind2=" ">
    <subfield code="0">0</subfield>
    <subfield code="1">0</subfield>
    <subfield code="2">ddc</subfield>
    <subfield code="4">0</subfield>
    <subfield code="7">0</subfield>
    <subfield code="8">MBA</subfield>
    <subfield code="a">AIMIT</subfield>
    <subfield code="b">AIMIT</subfield>
    <subfield code="c">EN</subfield>
    <subfield code="d">2025-03-14</subfield>
    <subfield code="e">Biblios Book Point</subfield>
    <subfield code="g">250.00</subfield>
    <subfield code="i">Bill no:7467; Bill dt:2025/3/11</subfield>
    <subfield code="l">0</subfield>
    <subfield code="o">658.4063 KHAS</subfield>
    <subfield code="p">MBA15014</subfield>
    <subfield code="r">2026-05-23 00:00:00</subfield>
    <subfield code="v">212.50</subfield>
    <subfield code="w">2025-04-29</subfield>
    <subfield code="y">BK</subfield>
  </datafield>
  <datafield tag="952" ind1=" " ind2=" ">
    <subfield code="0">0</subfield>
    <subfield code="1">0</subfield>
    <subfield code="2">ddc</subfield>
    <subfield code="4">0</subfield>
    <subfield code="7">0</subfield>
    <subfield code="8">MBA</subfield>
    <subfield code="a">AIMIT</subfield>
    <subfield code="b">AIMIT</subfield>
    <subfield code="c">EN</subfield>
    <subfield code="d">2025-03-14</subfield>
    <subfield code="e">Biblios Book Point</subfield>
    <subfield code="g">250.00</subfield>
    <subfield code="i">Bill no:7466; Bill dt:2025/3/11</subfield>
    <subfield code="l">0</subfield>
    <subfield code="o">658.4063 KHAS</subfield>
    <subfield code="p">MBA15015</subfield>
    <subfield code="r">2026-05-23 00:00:00</subfield>
    <subfield code="v">212.50</subfield>
    <subfield code="w">2025-04-29</subfield>
    <subfield code="y">BK</subfield>
  </datafield>
</record>
